| 000 | 01345cam a2200361 a 4500 | ||
|---|---|---|---|
| 999 |
_c28921 _d28892 |
||
| 001 | 14774481 | ||
| 003 | EG-ScBUE | ||
| 005 | 20201014131510.0 | ||
| 008 | 070319t2008 maua f 001 0 eng d | ||
| 020 | _a9780763742959 | ||
| 020 | _a0763742953 | ||
| 035 | _a(OCoLC)ocm86117745 | ||
| 035 | _a(OCoLC)86117745 | ||
| 040 |
_aDLC _beng _erda _cDLC _dBTCTA _dBAKER _dYDXCP _dC#P _dDLC _dEG-ScBUE |
||
| 082 | 0 | 4 |
_a004 _bHOG _222 |
| 100 | 1 |
_aHoganson, Kenneth E., _d1956- _eauthor. |
|
| 245 | 1 | 0 |
_aConcepts in computing / _cKenneth Hoganson, Kennesaw State University. |
| 264 | 1 |
_aSudbury, MA : _bJones and Bartlett Publishers, _c[2008] |
|
| 264 | 4 | _cc2008 | |
| 300 |
_axxi, 265 pages : _billustrations ; _c24 cm |
||
| 336 |
_2rdacontent _atext _btxt |
||
| 337 |
_2rdamedia _aunmediated _bn |
||
| 338 |
_2rdacarrier _avolume _bnc |
||
| 500 | _aIncludes index. | ||
| 500 | _aIncludes appendices. | ||
| 650 | 7 |
_aElectronic data processing. _2BUEsh |
|
| 653 |
_bMASIICCSS _cOctober2020 |
||
| 655 |
_vReading book _934232 |
||
| 856 | 4 | 1 |
_3Table of contents only _uhttp://www.loc.gov/catdir/toc/ecip0713/2007011607.html |
| 906 |
_a7 _bcbc _corignew _d1 _eecip _f20 _gy-gencatlg |
||
| 942 |
_2ddc _cBB |
||